La Lumière vient de l'Orient: Essais de psychologie japonaise
Guardat en:
| Autor principal: | |
|---|---|
| Format: | Llibre |
| Idioma: | francès |
| Publicat: |
París
Mercure de France
1923
|
| Edició: | 7a. ed |
| Col·lecció: | Collection d'Auteurs Étrangers
|
| Matèries: | |
| Etiquetes: |
Afegir etiqueta
Sense etiquetes, Sigues el primer a etiquetar aquest registre!
|
MARC
| LEADER | 00000nam a2200000 a 4500 | ||
|---|---|---|---|
| 001 | UCJ3189 | ||
| 003 | CL-VaPUC | ||
| 008 | 070124e19230000FR |||||||||||||||||fre|d | ||
| 082 | 0 | 4 | |a 159.9 |b HEA |2 21 |
| 100 | |a Hearn, Lafcadio |e author |9 597792 | ||
| 245 | 1 | 3 | |a La Lumière vient de l'Orient: Essais de psychologie japonaise |
| 250 | |a 7a. ed | ||
| 300 | |a 352 p | ||
| 942 | |c BK | ||
| 945 | |d 20070124 00:00:00 |a rinostro | ||
| 260 | |a París |b Mercure de France |c 1923 | ||
| 500 | |a Contiene un glosario japonés francés | ||
| 650 | 0 | |a Filosofía oriental |9 319113 | |
| 650 | 0 | |a Psicología |9 257863 | |
| 650 | 7 | |a BUDISMO |2 CL-VaPUC |9 504840 | |
| 650 | 0 | |a Lenguaje y lenguas |9 265846 | |
| 650 | 7 | |a LENGUA JAPONESA |2 CL-VaPUC |9 504841 | |
| 650 | 7 | |a DICCIONARIO BILINGUE |2 CL-VaPUC |9 504842 | |
| 651 | 0 | |a Japón |9 260391 | |
| 583 | |a last modification |c 20170530 05:13:06 |k Rodrigo Vera | ||
| 490 | 0 | |a Collection d'Auteurs Étrangers | |
| 999 | |c 319311 |d 319309 | ||
| 952 | |0 0 |1 0 |4 0 |6 159_900000000000000_HEA_1923 |7 0 |8 X |9 397608 |a FDOBUD |b FDOBUD |d 2019-11-22 |i 1000551 |o 159.9 HEA 1923 |p 1000551 |r 2019-11-22 |w 2019-11-22 |y BK_X |k BUD | ||